A rodostói menedék hasonmása Kassán megnyilt a Rákóczi Emlékház.

Bibliographic Details
Format: Article
Language:Slovak
Hungarian
Subjects:

MARC

LEADER 00000nab a2200000 a 4500
001 vtls000914842
003 SK-MaSNL
005 20260318114910.0
008 040720e19910622xo 0 slo
035 |a KE23732 
040 |a KEVKJB  |b slo  |c KEVKJB  |e AACR2 
041 0 |a hun 
044 |a xo  |c SK 
080 |a 069  |2 1981 
080 |a 943.9  |2 1981 
080 |a 943.76  |2 1981 
080 |a 929  |2 1981 
245 0 0 |a A rodostói menedék hasonmása  |b Kassán megnyilt a Rákóczi Emlékház. 
518 |a 21.6.1991 
600 0 7 |a František  |b II. Rákoci,  |c sedmohradské knieža,  |d 1676-1735  |2 KEVKJB  |9 160695 
650 0 7 |a významné domy  |2 KEVKJB  |9 121884 
651 7 |a Rodošto (Turecko)  |2 KEVKJB  |9 747354 
651 7 |a Košice (Slovensko)  |2 KEVKJB  |9 18694 
651 7 |a Borša (Slovensko)  |2 KEVKJB  |9 16656 
773 0 8 |t Szabad Földmüves Újság  |g Roč. 1  |g Roč. 28, č.105, 22.6.1991, s. 1 
852 |a ZVYKNI  |b KIS3GCP 
999 |c 3333522  |d 3335452